Temná strana transparentnosti aneb může vice zveřejňovaných informací o veřejných zákazkach narušit soutěžní prostředí?
Informácie zverejňované v súvislosti s verejnými zákazkami. Výmena informácií v súťažnom práve.
Salvato in:
| Autore principale: | |
|---|---|
| Natura: | Capitolo di libro |
| Lingua: | ceco |
| Soggetti: | |
| Tags: |
Nessun Tag, puoi essere il primo ad aggiungerne!!
|
MARC
| LEADER | 00000naa a2200000 4500 | ||
|---|---|---|---|
| 001 | 0226203 | ||
| 005 | 20221019163043.9 | ||
| 041 | 0 | |a cze | |
| 044 | |a CZ | ||
| 245 | 1 | 0 | |a Temná strana transparentnosti aneb může vice zveřejňovaných informací o veřejných zákazkach narušit soutěžní prostředí? |c Michal Petr |
| 520 | |a Informácie zverejňované v súvislosti s verejnými zákazkami. Výmena informácií v súťažnom práve. | ||
| 610 | 2 | 0 | |a právo súťažné |
| 610 | 2 | 0 | |a transparentnosť |
| 610 | 2 | 0 | |a zákazky |
| 610 | 2 | 0 | |a obstarávanie verejné |
| 610 | 2 | 0 | |a informácie |
| 610 | 2 | 0 | |a výmena informácií |
| 100 | 1 | |a Petr, Michal | |